Slowakei A-Z - Statistiken

Allgemein
  • Dieses Quiz wurde 66 mal gespielt
  • Das Durchschnittsergebnis liegt bei 12 aus 26
Antwortstatistiken
# Hinweis Antwort % Korrekt
B Hauptstadt Bratislava
100%
D Größter Fluß (Gesamtlänge) Donau
96%
E Währung Euro
91%
U Nachbarland Ungarn
89%
O Nachbarland Österreich
88%
S 96% der Slowakei entwässern in dieses Meer {Schwarzes} Meer
77%
K Gebirge Karpaten
72%
P Deutscher Name von #B Preßburg
72%
T Höchster Teil #Ks Hohe {Tatra}
70%
I Slowakische Soldaten waren 2003-2007 in diesem asiatischen Land stationiert Irak
58%
X Deutsch-österreichischer Bildhauer der in der Slowakei tätig war Franz {Xaver} Messerschmidt
47%
Z Viertgrößte Stadt Žilina
40%
N Sechstgrößte Stadt Nitra
39%
F Ministerpräsident 2006-2010 & 2012-2018 Robert Fico
39%
C Präsident seit 2019 Zuzana Čaputová
33%
Y Fünftgrößte StadtEnthält ein Y Banská Bystrica
26%
M Größte ethnische Minderheit Magyaren
26%
V Gruppe ostmitteleuropäischer Staaten {Visegrád}-Gruppe
26%
G Höchster Berg {Gerlachovský} štít
25%
W Größter Fluß (Länge in der Slowakei) Waag
21%
J Räuberführer und Nationalheld der Slowaken 1688-1713 Juraj {Jánošík}
18%
R Ostslawische MinderheitNicht Russen Russinen
14%
H Ministerpräsident seit 2021 Eduard Heger
12%
A Hegemonialmacht in der Slowakei 562-828 Awaren
9%
Q Germanenstamm der in der Slowakei siedelte Quaden
7%
L Anhänger der herrschenden Partei 1938-1945 Ludaken
4%
Keine übereinstimmenden Quizze gefunden
Verteilung der Resultate
Anzahl Personen mit jedem Resultat
Perzentil nach korrekt beantworteten Fragen
Ihre Resultats-Entwicklung
Sie haben dieses Quiz noch nicht gespielt